000 00987nam0a22002411 4500
001 rc\776307
005 20260406220719.0
035 _a(NLR Aleph) 006302463
090 _a7265853
_c7265853
100 _a20040301d1984 |||y0rusy50 ca
101 0 _arus
102 _aRU
105 _aa |||||||||
200 1 _aЛивия Андрюкайтите
_eВыст. украшений
_eКаталог
_f[Сост.: С. Хаенко]
210 _aРига
_cХудож. фонд ЛатвССР
_d1984
215 _a[19] с.
_cил.
_d21
300 _aВ надзаг.: Союз художников ЛатвССР, Худож. фонд ЛатвССР, Центр. парк культуры и отдыха им. С.М. Кирова
710 1 0 _aАндрюкайтите,
_eРига
_f1984
_gЛивия
_hВыставка произведений
_9447447
_3RU\NLR\AUTH\889975232
801 0 _aRU
_bNLR
_gpsbo
801 1 _aRU
_bELAR
_2rusmarc
852 _aNLR
_bЭ
_jКП/А665
942 _cBOOK
980 _aNB